<?xml version="1.0" encoding="UTF-8"?>
<collection xmlns="http://www.loc.gov/MARC21/slim">
<record>
  <controlfield tag="001">95009</controlfield>
  <controlfield tag="005">20211018112626.0</controlfield>
  <datafield tag="020" ind1=" " ind2=" ">
    <subfield code="a">978-84-18321-05-4</subfield>
  </datafield>
  <datafield tag="024" ind1="7" ind2=" ">
    <subfield code="2">doi</subfield>
    <subfield code="a">10.26754/uz.978-84-18321-05-4</subfield>
  </datafield>
  <datafield tag="037" ind1=" " ind2=" ">
    <subfield code="a">BOOK-2020-129</subfield>
  </datafield>
  <datafield tag="041" ind1=" " ind2=" ">
    <subfield code="a">fra</subfield>
  </datafield>
  <datafield tag="100" ind1=" " ind2=" ">
    <subfield code="a">Nkoum, Nicole</subfield>
  </datafield>
  <datafield tag="245" ind1=" " ind2=" ">
    <subfield code="a">La bixexualité au Sénégal: histories de vie e de santé dans le milieu dakarois</subfield>
  </datafield>
  <datafield tag="260" ind1=" " ind2=" ">
    <subfield code="a">Zaragoza</subfield>
    <subfield code="b">Universidad de Zaragoza. Servicio de Publicaciones</subfield>
    <subfield code="c">2020</subfield>
  </datafield>
  <datafield tag="300" ind1=" " ind2=" ">
    <subfield code="a">148</subfield>
  </datafield>
  <datafield tag="520" ind1=" " ind2=" ">
    <subfield code="a">Ce livre raconte les histoires d'hommes ayant des rela-tions sexuelles avec des hommes et des femmes (HS-H/F) à Dakar, au Sénégal, à travers leurs récits de vie. Il permet au lecteur d'explorer les expériences quotidien-nes des HSH/F dans un environnement homophobe et peu accueillant.  Le Dr Nicole Nkoum (Cameroun) est une anthropologue sociale basée au Sénégal. Elle mène des recherches sur l'éco-féminisme et la santé sexuelle et reproductive des populations clés.  Le Dr Guillermo Z. Martinez-Pérez (Espagne) est historien-scientifique de la santé avec une vaste expérience dans la recherche et le développement en Afrique sub-saharienne. Il travaille actuellement sur l'intégration du genre dans l'éthique de la recherche, et sur l'avancement des carrières des chercheuses africaines.</subfield>
  </datafield>
  <datafield tag="700" ind1=" " ind2=" ">
    <subfield code="a">Martínez-Pérez, Guillermo</subfield>
  </datafield>
  <datafield tag="856" ind1="0" ind2=" ">
    <subfield code="f">zaguan@unizar.es</subfield>
  </datafield>
  <datafield tag="856" ind1="4" ind2=" ">
    <subfield code="u">http://zaguan.unizar.es/record/95009/files/BOOK-2020-129.pdf</subfield>
    <subfield code="z">Texto completo</subfield>
  </datafield>
  <datafield tag="909" ind1="C" ind2="O">
    <subfield code="o">oai:zaguan.unizar.es:95009</subfield>
    <subfield code="p">books</subfield>
  </datafield>
  <datafield tag="980" ind1=" " ind2=" ">
    <subfield code="a">BOOK</subfield>
    <subfield code="b">DIVULGA</subfield>
  </datafield>
</record>
</collection>